Introduccion a shakespeare /

Guardado en:
Autor Principal: Granville-barker, Harley
Otros Autores: Harrison, G. B.
Formato: Libro
Publicado: Buenos Aires : Emece, 1952
Materias:
Etiquetas: Agregar Etiqueta
Sin Etiquetas, Sea el primero en etiquetar este registro!
LEADER 00530nam a22001695a 4500
001 EHU.bham008486
003 AR-BHAM
005 20100107111223.0
008 130507s1952##################000#0#####d
082 8 2 |a 822.307 
100 1 |a Granville-barker, Harley 
245 1 0 |a Introduccion a shakespeare /  |c Harley Granville-barker , G. B. Harrison , 
260 |a Buenos Aires :  |b Emece,  |c 1952 
300 |a 388 p. 
653 |a Teatro ingles-1559-1625 
700 1 |a Harrison, G. B. 
859 |a AR-BHAM  |b BIB. HUMANIDADES - General  |h 822.307  |i G767  |p 558.93  |t Ej.1